000 00271nam a22001217a 4500
008 170502b xxu||||| |||| 00| 0 eng d
041 _aeng
080 _22ND
_a342
100 _a14
101 _aSHJ
245 _aEMPLOYMENT DISCRIMINATION
_cLARSON, L.K
942 _2udc
_cBK
999 _c12456
_d12456